Statistics for U.S. Cities to States - Tile Selects #6

Click here to take the quiz!

General Stats

  • This quiz has been taken 19 times
  • The average score is 49 of 60

Answer Stats

QuestionTileSelect% Correct
Cities in Alaska.AldanNo
100%
Cities in Alaska.AnchorageYes
100%
Cities in Hawaii.AthensNo
100%
Cities in Hawaii.BridgeportNo
100%
Cities in Alaska.ChitaNo
100%
Cities in Indiana.DetroitNo
100%
Cities in Hawaii.ElizabethtownNo
100%
Cities in North Dakota.GaryNo
100%
Cities in Alaska.JuneauYes
100%
Cities in Indiana.LansingNo
100%
Cities in Hawaii.PaducahNo
100%
Cities in Alaska.PetropavlovskNo
100%
Cities in Alaska.RochesterNo
100%
Cities in Indiana.SalemNo
100%
Cities in South Dakota.StanleyNo
100%
Cities in Hawaii.TampaNo
100%
Cities in South Dakota.YakimaNo
100%
Cities in North Dakota.CaldwellNo
94%
Cities in South Dakota.GeorgetownNo
94%
Cities in Hawaii.Grand IslandNo
94%
Cities in North Dakota.Green BayNo
94%
Cities in Hawaii.HonoluluYes
94%
Cities in South Dakota.MadisonNo
94%
Cities in Indiana.New HavenNo
94%
Cities in North Dakota.OmahaNo
94%
Cities in North Dakota.VermillionNo
94%
Cities in Indiana.WilmingtonNo
94%
Cities in North Dakota.BismarckYes
88%
Cities in South Dakota.DuluthNo
88%
Cities in Alaska.FairbanksYes
88%
Cities in North Dakota.FargoYes
88%
Cities in South Dakota.GraftonNo
88%
Cities in North Dakota.HuronNo
88%
Cities in Indiana.IndianapolisYes
88%
Cities in Alaska.IrkutskNo
88%
Cities in Alaska.OkhaNo
88%
Cities in Hawaii.East HonoluluYes
82%
Cities in Indiana.Fort WayneYes
82%
Cities in Hawaii.KahuluiYes
82%
Cities in Hawaii.KailuaYes
82%
Cities in Alaska.KodiakYes
82%
Cities in South Dakota.Sioux FallsYes
82%
Cities in Indiana.SpringfieldNo
82%
Cities in Indiana.South BendYes
76%
Cities in Indiana.BloomingtonYes
71%
Cities in Hawaii.HiloYes
71%
Cities in Hawaii.Pearl CityYes
71%
Cities in South Dakota.PierreYes
71%
Cities in Alaska.SitkaYes
65%
Cities in North Dakota.West FargoYes
65%
Cities in Indiana.EvansvilleYes
59%
Cities in North Dakota.Grand ForksYes
59%
Cities in South Dakota.Rapid CityYes
59%
Cities in Alaska.WasillaYes
53%
Cities in North Dakota.DickinsonYes
35%
Cities in South Dakota.AberdeenYes
29%
Cities in Indiana.CarmelYes
24%
Cities in South Dakota.WatertownYes
24%
Cities in South Dakota.MitchellYes
18%
Cities in North Dakota.LincolnYes
12%

Score Distribution

Percentile by Number Answered

Percent of People with Each Score

Your Score History

You have not taken this quiz